000 00588nam a22001817a 4500
003 0
005 20250912101025.0
008 250912b xxu||||| |||| 00| 0 eng d
020 _a978-1-032-44719-3
050 _aQA 76.9.A25
_b.B35 2025
100 _aBaloch, Rafay,
_eauthor.
245 _aWeb hacking arsenal :
_ba practical guide to modern web pentesting /
_cRafay Baloch.
260 _aBoca Raton FL :
_bCRC Press,
_c2025.
300 _axxix, 547 pages :
_billustrations ;
_c24 cm.
504 _aIncludes index.
650 _aPenetration testing (Computer security).
942 _2lcc
_cBK
999 _c367918
_d367918